Colombia National Team All-Time XI - Statistics

General Stats
  • This quiz has been taken 97 times
  • The average score is 6 of 13
Answer Stats
Position Period Player % Correct
MF 2011- James Rodríguez
99%
FW 2007- Radamel Falcao
93%
MF 1983-98 Carlos Valderrama
73%
GK 1987-99 René Higuita
66%
DF 2010- Juan Cuadrado
54%
DF 1997-2011 Iván Córdoba
51%
DF 1999-2014 Mario Yepes
46%
FW 1993-2001 Faustino Asprilla
31%
12th player 1990-2001 Freddy Rincón
29%
MF 1985-97 Leonel Álvarez
19%
Coach 1995-98 Hernán Darío Gómez
14%
FW 1973-85 Willington Ortiz
13%
DF 1957-62 Francisco Zuluaga
4%
No matching quizzes found
Score Distribution
Percent of People with Each Score
Percentile by Number Answered
Your Score History
You have not taken this quiz